| 000 | 00413nam a2200157Ia 4500 | ||
|---|---|---|---|
| 008 | 220430s9999 xx 000 0 und d | ||
| 020 | _a9788182966123 | ||
| 041 | _aeng | ||
| 082 | _a616.01 | ||
| 100 |
_aBAVEJA _945039 |
||
| 245 | _aTEXTBOOK OF MICROBIOLOGY FOR NURSING | ||
| 250 | _aFIFTH | ||
| 260 |
_aNEW DELHI _bA.P.H. PUBLISHING GORPORATION NEW DELHI _c2017 |
||
| 300 | _a750 | ||
| 650 |
_aMICROBIOLOGY _945040 |
||
| 999 |
_c1454 _d1454 |
||